000 00448nab a2200145Ia 4500
003 ES-SlBCS
005 20210601123658.0
008 140529s1999 xxu||||| |||| 00| 0 spa d
041 _aspa
110 2 _aAutores Varios
_9127555
245 0 0 _aTránsito desde una escuela rural a una urbana
_cAUTORES VARIOS
650 0 4 _aEscuela Rural-Escuela Urbana
_9127556
773 0 _tCuadernos de Pedagogia
_gnº. 282, 1999, págs. 49-51
_wRev1128
942 _cAR
999 _c501494
_d501494